MARC

LEADER 00000nas a2200000 a 4500
001 ssj0000815111
003 WaSeSS
005 20200512172242.0
006 m d
007 cr n
008 121220c20109999rm fr p s 0 0eng c
010 |a  2013242204 
022 |a 2068-9861  |l 2067-2640 
035 |a (WaSeSS)ssj0000815111 
040 |a MYG  |b eng  |c MYG  |d MYG  |d CUS  |d OCLCF  |d OCLCO  |d OCLCQ  |d AU@  |d WaSeSS 
041 0 |a eng  |a fre 
042 |a pcc 
050 4 |a H62.A1 
210 0 |a J. Spec. Res. & Policy  |b (Online) 
222 0 |a Journal of Special Research & Policy  |b (Online) 
245 0 0 |a Journal of social research & policy  |h [electronic resource]. 
246 3 |a Journal of social research and policy 
246 1 3 |a JSRP 
260 |a Oradea :  |b Editura Universităţii din Oradea 
310 |a Semiannual 
362 1 |a Began with vol. 1, no. 1 (July 2010). 
506 |a License restrictions may limit access. 
546 |a Text in English, French. 
550 |a Issued by: Department of Sociology and Social Work of the Faculty of Social Sciences of the University of Oradea. 
588 |a Description based on: Vol. 1, no. 1 (July 2010); title from PDF cover (publisher's Web site, viewed Dec. 7, 2012). 
588 |a Latest issue consulted: Vol. 3, no. 1 (July 2012) (publisher's Web site, viewed Dec. 7, 2012). 
650 0 |a Social sciences  |x Research  |v Periodicals. 
650 0 |a Social policy  |x Research  |v Periodicals. 
650 0 |a Sociology  |x Research  |v Periodicals. 
650 0 |a Education, Higher  |v Periodicals. 
650 7 |a Education, Higher.  |2 fast  |0 (OCoLC)fst00903005 
650 7 |a Social policy  |x Research.  |2 fast  |0 (OCoLC)fst01122761 
650 7 |a Social sciences  |x Research.  |2 fast  |0 (OCoLC)fst01122944 
650 7 |a Sociology  |x Research.  |2 fast  |0 (OCoLC)fst01123909 
655 0 |a Electronic journals. 
710 2 |a Universitatea din Oradea.  |b Departamentul de Sociologie, Filosofie, Asistenţă Socială. 
776 0 8 |i Print version:  |t Journal of social research & policy  |x 2067-2640 
856 4 0 |z Full text available from Research Library: 07/01/2010 to present  |u https://search.proquest.com/publication/396321